Riadenie rizík a corporate compliance ako súčasť corporate governance v medzinárodnom podnikaní bakalárska práca

Gespeichert in:
Bibliographische Detailangaben
1. Verfasser: Široká, Alexandra
Körperschaft: Obchodná fakulta EU. Katedra medzinárodného obchodu
Weitere Verfasser: Steinhauser, Dušan, 1988-
Format: Buch
Sprache:Slowakisch
Veröffentlicht: Bratislava 2022
Tags: Tag hinzufügen
Keine Tags, Fügen Sie das erste Tag hinzu!

MARC

LEADER 00000nbm a2200000 4500
001 0285922
005 20221201133947.4
041 0 |a slo 
044 |a SK 
245 1 0 |a Riadenie rizík a corporate compliance ako súčasť corporate governance v medzinárodnom podnikaní  |b bakalárska práca  |c Alexandra Široká ; školiteľ: Dušan Steinhauser 
264 1 |a Bratislava  |c 2022 
300 |a 48 s. 
100 1 |a Široká, Alexandra 
700 1 |a Steinhauser, Dušan, 1988- 
710 2 |a Obchodná fakulta EU. Katedra medzinárodného obchodu